000 00698nam a2200241 i 4500
001 C2-0316679
003 PPAK
005 20180728112748.0
008 120806s2011 my |||| ||||| | may d
020 _a9789676125354
040 _aPPAK
_beng
_cPPAK
_erda
082 0 4 _a899.233
_223
090 0 0 _a899.233
_bAKU
_dG
245 0 0 _aAku datang
264 1 _aKuala Lumpur :
_bUtusan Publications & Distributors Sdn Bhd ,
_c2011
300 _alx, 115 pages ;
_c18 cm
336 _2rdacontent
_atext
337 _2rdamedia
_aunmediated
338 _2rdacarrier
_avolume
650 1 0 _aShort stories, Malay.
700 0 _aRozlan Mohamed Noor ; Wan Faizahtul Hilir Yasak,
_ecompile
942 _ddc
_cB
999 _c117801
_d117801